00728nam a22002171i 4500001000700000003000900007005001700016007000300033008004100036080001500077100002500092245013700117260003400254300003700288490003700325650004700362700002100409830003700430852002200467852002100489134590ES-MaACL20230906194715.0t|070912s1971 sp f |||| | spa d a159.422.751 aWidlöcher, Daniel.14aLos dibujos de los niños b: bases para una interpretación psicológica / cDaniel Widlöcher ; [versión de Ramón Strack]. aBarcelona : bHerder, c1971. a228 p., 4 h. de lám ; c22 cm.1 aBiblioteca de psicología ; v314aDibujo infantil-xAspectos psicológicos.1 aStrack, Ramón.0 aBiblioteca de psicología ; v3 aES-MaACLjC-44721 aES-MaACLjE-7732